000 00910nam a2200277 c 4500
999 _c187020
_d187020
003 BLK
005 20221031142417.0
008 180411b bul|||||r ||||||| ||bul||
010 _aKNG00196024000
040 _aBLK
041 _aBUL
_cBUL
080 _aБългарска литература
_b821.163.2
_x-4
_z821.163.2-4
100 _aПискулийска, Юлия Йорданова
_9298327
139 _aПискулийска, Юлия Йорданова
_bП 54
245 1 0 _aЧерни вторници
_bОчерци
_cЮлия Пискулийска.
257 _aBGR
260 _bПрофиздат
_c1985
_fВраца : В. Александров
_aСофия
300 _a135 с.
_c20 см
380 _aX
500 _a10 160 тир.
852 _aЦб 139820
856 4 _qpdf
_i0.00
_ldisable
856 4 _qpdf
_i0.00
_ldisable
942 _cKNG
_n0
_s1
944 _aCR
_c15.11.2016
_kНора_Радева
944 _aED
_c15.11.2016
_kНора_Радева
999 _d187020